[Event "Open Semana Santa 2023"]
[Site "?"]
[Date "2023.04.07"]
[Round "4.96"]
[White "Pousada Estevez, Daniel"]
[Black "Piqueras Guardiola, Francisco"]
[Result "0-1"]
[WhiteElo "1580"]
[BlackElo "2105"]
[PlyCount "68"]

1. d4 d5 2. Bf4 c5 3. c3 Qb6 4. Qc2 cxd4 5. Bxb8 Rxb8 6. cxd4 Bf5 7. Qd2 e5 8.
Nc3 Nf6 9. e3 Bb4 10. Bb5+ Kf8 11. Bd3 exd4 12. exd4 Re8+ 13. Nge2 Ne4 14. Bxe4
dxe4 15. O-O h5 16. Qg5 Qg6 17. Qxg6 Bxg6 18. Nd5 Bd6 19. Rac1 Bf5 20. b3 h4
21. h3 Rh6 22. Rc3 Bd7 23. Rfc1 Bb5 24. Re3 f5 25. Ndc3 Bd3 26. f4 Bb4 27. a3
Bxa3 28. Ra1 Ra6 29. Nb1 Bb4 30. Rxa6 bxa6 31. Nbc3 Rc8 32. Nd5 Bd2 33. Kf2 Rc2
34. Rxd3 exd3 0-1

[Event "Open Semana Santa 2023"]
[Site "?"]
[Date "2023.04.07"]
[Round "4.97"]
[White "CM Luke Brezmes, Cristofer"]
[Black "Anton Ortiz, Carlos"]
[Result "1/2-1/2"]
[WhiteElo "2095"]
[BlackElo "1668"]
[Annotator "Usuario"]
[PlyCount "68"]

1. e4 c5 2. Be2 d6 3. d3 Nc6 4. f4 g6 5. Nf3 Bg7 6. O-O b5 7. c3 e6 8. d4 cxd4
9. cxd4 Rb8 10. Be3 d5 11. e5 Nge7 12. Bf2 O-O 13. Bh4 f6 14. Na3 Nf5 15. Bf2
b4 16. Nc2 Qb6 17. g4 Nfe7 18. exf6 Rxf6 19. Ne5 Rxf4 20. Nd3 Rxf2 21. Rxf2
Nxd4 22. Kg2 Nxc2 23. Qxc2 Bb7 24. Raf1 Nc6 25. Nc5 Nd4 26. Qc1 Nxe2 27. Rxe2
d4+ 28. Nxb7 Qxb7+ 29. Kh3 Rf8 30. Ref2 Qe4 31. Rxf8+ Bxf8 32. Qc8 Qe3+ 33. Kg2
Qe2+ 34. Kg1 Qxg4+ $11 1/2-1/2

[Event "Open Semana Santa 2023"]
[Site "?"]
[Date "2023.04.07"]
[Round "4.98"]
[White "Aarav Sarbalia"]
[Black "Centeno Mendoza, Julio Stefano"]
[Result "0-1"]
[WhiteElo "1478"]
[BlackElo "2088"]
[PlyCount "94"]

1. e4 e5 2. Nf3 Nc6 3. Bc4 Bc5 4. c3 Nf6 5. d3 O-O 6. O-O d5 7. exd5 Nxd5 8.
Re1 Bg4 9. Nbd2 Nb6 10. h3 Bh5 11. Bb3 Qxd3 12. Nxe5 Qf5 13. Nef3 Rae8 14. Rxe8
Rxe8 15. Bc2 Qd7 16. b4 Bd6 17. Bb2 Bf4 18. Nf1 Qe6 19. Bb3 Qf6 20. Ng3 Bg6 21.
Ne2 Bd6 22. Ned4 Ne5 23. Nxe5 Bxe5 24. a4 Be4 25. Qf1 Qg6 26. b5 Nd5 27. Bxd5
Bxd5 28. c4 Be4 29. Rd1 Qg5 30. Re1 Qg6 31. Rd1 h5 32. Bc3 b6 33. Kh1 Qf6 34.
Qg1 Rd8 35. f3 Bb7 36. Ba1 Qf4 37. Bb2 Qf6 38. Qe3 Bc8 39. Rd3 Rd6 40. Qe4 Qf4
41. Qxf4 Bxf4 42. Kg1 Bf5 43. Rd1 Be3+ 44. Kf1 Bc2 45. Nxc2 Rxd1+ 46. Ke2 Rd2+
47. Kxe3 Rxc2 0-1

[Event "Open Semana Santa 2023"]
[Site "?"]
[Date "2023.04.07"]
[Round "4.99"]
[White "Castro Quijano, Eduardo"]
[Black "Borisova Douchkova, Vanesa"]
[Result "1-0"]
[WhiteElo "2083"]
[BlackElo "1617"]
[PlyCount "95"]

1. e4 c5 2. Nf3 g6 3. d4 cxd4 4. Qxd4 Nf6 5. e5 Nc6 6. Qa4 Nd5 7. Qe4 Nb6 8.
Nc3 Bg7 9. Bf4 O-O 10. O-O-O d6 11. exd6 Bf5 12. dxe7 Qxe7 13. Qxe7 Nxe7 14.
Bd6 Rfe8 15. Bb5 Nc6 16. Bxc6 bxc6 17. Nd4 Bd7 18. Bc5 Nd5 19. Nxd5 cxd5 20.
Rhe1 Rec8 21. Nb3 Be6 22. Bd4 Rc4 23. Bxg7 Kxg7 24. Nd4 Rac8 25. c3 Kf6 26. Re3
a5 27. Nc2 h5 28. Red3 Ke5 29. Ne3 R4c5 30. Rd4 g5 31. f3 Kd6 32. g3 f6 33. f4
g4 34. R1d2 Kc6 35. Kd1 Rd8 36. R2d3 Bc8 37. b4 Ba6 38. bxc5 Bxd3 39. Rxd3 Kxc5
40. Kd2 a4 41. a3 d4 42. Rxd4 Rxd4+ 43. cxd4+ Kxd4 44. Nd1 Ke4 45. Ke2 Kd4 46.
Nb2 h4 47. Nxa4 Kc4 48. Nb6+ 1-0

[Event "Open Semana Santa 2023"]
[Site "?"]
[Date "2023.04.07"]
[Round "4.100"]
[White "FM Domingo Nunez, Ruben"]
[Black "Callealta, Andres"]
[Result "1-0"]
[WhiteElo "2401"]
[BlackElo "1601"]
[PlyCount "65"]

1. e4 c5 2. b3 g6 3. Bb2 Nf6 4. Qf3 d6 5. Bb5+ Nbd7 6. g4 e5 7. g5 Nh5 8. Bc4
Qe7 9. Nc3 Nb6 10. Bb5+ Bd7 11. Bxd7+ Qxd7 12. Nge2 Ng7 13. a4 a5 14. h4 Ne6
15. Nd5 Nxd5 16. exd5 Nd4 17. Bxd4 cxd4 18. Ng3 Be7 19. Ne4 Qf5 20. Qxf5 gxf5
21. Ng3 h6 22. gxh6 f4 23. Nf5 Kd7 24. Rg1 Bf8 25. Rg5 Rh7 26. Ke2 Be7 27. Rg7
Rah8 28. Rag1 Bf8 29. Rxh7 Rxh7 30. Rg7 Rxh6 31. Rxf7+ Ke8 32. Rxf8+ Kxf8 33.
Nxh6 1-0

[Event "Open Semana Santa 2023"]
[Site "?"]
[Date "2023.04.07"]
[Round "4.101"]
[White "FM Carbonell Sancho, Marc"]
[Black "Lopez De Turiso Sanchez, Jose An"]
[Result "0-1"]
[WhiteElo "2346"]
[BlackElo "1904"]
[PlyCount "94"]

1. e4 e5 2. Nf3 Nc6 3. Bc4 Nf6 4. d3 Be7 5. O-O O-O 6. a4 a6 7. c3 d5 8. exd5
Nxd5 9. a5 Bg4 10. h3 Bh5 11. Nbd2 Kh8 12. Ne4 f6 13. Ng3 Bf7 14. Re1 Qd7 15.
Qb3 Bc5 16. Bd2 Rab8 17. Qa2 Ba7 18. Rad1 Rbe8 19. b4 Nd8 20. Qb3 c6 21. Bc1
Ne6 22. Nd2 g6 23. Nde4 Kg7 24. Qa3 h5 25. Nc5 Qc7 26. Nge4 Bb8 27. Qb2 Rh8 28.
h4 Ndf4 29. g3 Nd5 30. Nxe6+ Bxe6 31. Ba2 Bg4 32. Rd2 Ba7 33. Kg2 Re7 34. c4
Bd4 35. Qb3 Nf4+ 36. gxf4 exf4 37. Rg1 f3+ 38. Kh1 Bh3 39. Rg3 Bg2+ 40. Kh2 Qf4
41. Kg1 Rxe4 42. dxe4 Qxg3 43. Rxd4 Qh3 44. Rd7+ Kf8 45. Rd8+ Ke7 46. Rd7+ Kxd7
47. Qd3+ Kc8 0-1

[Event "Open Semana Santa 2023"]
[Site "?"]
[Date "2023.04.07"]
[Round "4.102"]
[White "FM Luque Saiz, Andres"]
[Black "Alonso Perez, Alfredo"]
[Result "1-0"]
[WhiteElo "2309"]
[BlackElo "1891"]
[PlyCount "129"]

1. e4 e5 2. Nf3 Nc6 3. Bc4 Bc5 4. c3 Nf6 5. d3 a6 6. O-O Ba7 7. Re1 d6 8. Bb3
h6 9. Nbd2 g5 10. Nc4 g4 11. Nfd2 h5 12. Nf1 Rg8 13. Be3 Bxe3 14. Ncxe3 h4 15.
Nd5 Nxd5 16. Bxd5 Ne7 17. Bb3 Ng6 18. g3 Qg5 19. Qd2 Qxd2 20. Nxd2 Rg7 21. d4
Bd7 22. Nc4 f6 23. Bc2 O-O-O 24. b4 Rh8 25. a4 Rgh7 26. Re2 Nf8 27. d5 Rf7 28.
Ne3 Nh7 29. Bd3 Ng5 30. Kh1 Nf3 31. Rb2 Rfh7 32. Nf1 Kd8 33. c4 Ke7 34. a5 hxg3
35. fxg3 Rh5 36. Rf2 f5 37. exf5 Kf6 38. h4 Nd4 39. Ne3 Rg8 40. Kg2 c6 41. Be4
Rh7 42. Nc2 Nxc2 43. Rxc2 Rc8 44. Rac1 c5 45. Rb2 Be8 46. bxc5 Rxc5 47. Rb6 Rd7
48. Kf2 Bf7 49. Ke3 Ke7 50. Rh1 Bh5 51. Bd3 Rxa5 52. Rhb1 Rc5 53. Rxb7 Rcc7 54.
R7b6 a5 55. Ra1 Ra7 56. Rb5 a4 57. Rb4 a3 58. Rb3 a2 59. Rb2 Kf6 60. Raxa2 Rac7
61. Ra6 e4 62. Kxe4 Re7+ 63. Kd4 Red7 64. Re2 Bf7 65. Re4 1-0

[Event "Open Semana Santa 2023"]
[Site "?"]
[Date "2023.04.07"]
[Round "4.103"]
[White "FM Milat, Marcel"]
[Black "Perez Garcia, Saul"]
[Result "1-0"]
[WhiteElo "2237"]
[BlackElo "1885"]
[PlyCount "79"]

1. c4 Nf6 2. Nc3 d5 3. d4 g6 4. cxd5 Nxd5 5. Bd2 Bg7 6. e4 Nb6 7. Be3 O-O 8. h3
Nc6 9. Nf3 e5 10. d5 Ne7 11. Be2 Qd6 12. Nb5 Qb4+ 13. Nd2 Nbxd5 14. exd5 Nxd5
15. Qb3 Nxe3 16. Qxe3 Qxb2 17. Rb1 Qxa2 18. O-O c6 19. Ra1 Qc2 20. Rfc1 Qf5 21.
Nc7 Rb8 22. Qxa7 Bd7 23. Nc4 Qg5 24. h4 Qd8 25. Na6 bxa6 26. Rd1 Qxh4 27. Rxd7
Rb4 28. Qc5 Rb3 29. Rad1 e4 30. Qxc6 Rc3 31. Qxa6 Rc2 32. Ne3 Rb2 33. g3 Qh3
34. Bg4 Qh6 35. Qc4 Be5 36. Rd8 Rxf2 37. Rxf8+ Kxf8 38. Qc5+ Kg7 39. Qxe5+ Rf6
40. Nd5 1-0

[Event "Open Semana Santa 2023"]
[Site "?"]
[Date "2023.04.07"]
[Round "4.104"]
[White "Duller Llopis, Jouke"]
[Black "CM Villa Tornero, Alex"]
[Result "1-0"]
[WhiteElo "1889"]
[BlackElo "2216"]
[PlyCount "69"]

1. d4 Nf6 2. Nf3 e6 3. c4 c5 4. e3 cxd4 5. exd4 d5 6. Nc3 Bb4 7. a3 Bxc3+ 8.
bxc3 b6 9. cxd5 Qxd5 10. c4 Qe4+ 11. Be2 Bb7 12. Bb2 Nbd7 13. O-O O-O 14. Re1
Rad8 15. Bd3 Qc6 16. Qe2 Rfe8 17. Rac1 Qc8 18. Bb1 Qa8 19. Rc3 b5 20. cxb5 Nd5
21. Rb3 N7f6 22. Qd2 Nb6 23. Ne5 Nbd7 24. Rg3 Be4 25. Qg5 Bg6 26. Bxg6 hxg6 27.
Nxf7 Kxf7 28. Qxg6+ Ke7 29. d5 e5 30. Qxg7+ Kd6 31. Rc3 Kxd5 32. Qf7+ Re6 33.
Rd1+ Ke4 34. Qxe6 Kf4 35. Bc1+ 1-0

[Event "Open Semana Santa 2023"]
[Site "?"]
[Date "2023.04.07"]
[Round "4.105"]
[White "CM Aymerich Verdaguer, Eduard"]
[Black "Garbezza, Davide"]
[Result "1/2-1/2"]
[WhiteElo "2215"]
[BlackElo "1879"]
[PlyCount "125"]

1. d4 d5 2. c4 c6 3. Nc3 dxc4 4. Nf3 Nf6 5. a4 Bf5 6. a5 e6 7. e3 Bb4 8. Qa4
Qe7 9. Bxc4 O-O 10. O-O h6 11. Bd2 c5 12. Rac1 Rc8 13. dxc5 Bxc5 14. Ne2 Ne4
15. Ng3 Nxg3 16. hxg3 Nc6 17. a6 b6 18. Bb5 Nb4 19. Ne5 Qd6 20. Nc4 Qe7 21.
Bxb4 Bxb4 22. Bc6 Rab8 23. Bb7 Bd3 24. Ne5 b5 25. Qb3 Bxf1 26. Rxf1 Rc7 27. Rd1
Rd8 28. Rxd8+ Qxd8 29. Nc6 Rxc6 30. Bxc6 Qb6 31. Bd7 Qd6 32. Bxb5 Bc5 33. Bd3
Qb6 34. Qc2 Qb4 35. Bc4 Qb6 36. b3 Qd6 37. Qe2 Bb6 38. Qf3 Qd8 39. g4 Qd2 40.
g3 Qd6 41. Qe4 Qd1+ 42. Kg2 Qd6 43. Qa8+ Qd8 44. Qc6 Kf8 45. Kh2 Qd2 46. Qa8+
Qd8 47. Qe4 Qf6 48. Kg2 g6 49. b4 Kg7 50. b5 Qc3 51. Be2 Qc5 52. Bd3 Qc3 53.
Bc4 Qf6 54. Qb7 Qe5 55. Kh2 Qc7 56. Qe4 Qd6 57. Kg2 Kg8 58. Qf3 Kg7 59. Qa8 Kh7
60. Qe4 Kg7 61. Qb7 Kg8 62. Qf3 Kg7 63. Qe4 1/2-1/2

[Event "Open Semana Santa 2023"]
[Site "?"]
[Date "2023.04.07"]
[Round "4.106"]
[White "CM Molina Carretero, Daniel"]
[Black "Martinez Soriano, Pablo"]
[Result "1-0"]
[WhiteElo "2209"]
[BlackElo "1877"]
[PlyCount "45"]

1. c4 Nf6 2. g3 c6 3. Nf3 d5 4. b3 d4 5. Bb2 c5 6. b4 Qc7 7. Bg2 e5 8. O-O a6
9. e3 Nc6 10. exd4 cxd4 11. Re1 Be6 12. Qa4 Nd7 13. Na3 Be7 14. d3 Bxb4 15. Re2
Bd6 16. Nb5 Qb8 17. Nxd6+ Qxd6 18. Ba3 Qc7 19. Ng5 O-O-O 20. Rb1 Ndb8 21. Reb2
Rd7 22. Ne4 Qa5 23. Nd6+ 1-0

[Event "Open Semana Santa 2023"]
[Site "?"]
[Date "2023.04.07"]
[Round "4.107"]
[White "Mompel Ferruz, Xavier"]
[Black "Demerson Joly, Javier"]
[Result "1-0"]
[WhiteElo "2195"]
[BlackElo "1863"]
[PlyCount "87"]
[EventDate "2023.??.??"]

1. e4 e5 2. Nf3 Nf6 3. d4 Nxe4 4. Bd3 d5 5. Nxe5 Nd7 6. Nxd7 Bxd7 7. O-O Be7 8.
Nc3 Nxc3 9. bxc3 O-O 10. Qh5 g6 11. Qxd5 c6 12. Qf3 Be6 13. Bh6 Re8 14. Rfe1
Qd7 15. h3 Bf8 16. Bxf8 Rxf8 17. Re3 Rfe8 18. Rae1 Bd5 19. Qf6 Rxe3 20. Rxe3
Re8 21. c4 Re6 22. Qf4 Rxe3 23. fxe3 Be6 24. Qf6 b5 25. cxb5 cxb5 26. e4 Bxa2
27. d5 Qb7 28. Qb2 Qb6+ 29. Kf1 Bc4 30. Bxc4 bxc4 31. Qxb6 axb6 32. Ke2 Kf8 33.
Ke3 Ke7 34. Kd4 b5 35. Kc5 c3 36. Kxb5 Kd6 37. Kc4 f5 38. exf5 gxf5 39. Kxc3
Kxd5 40. Kd3 f4 41. c4+ Kc5 42. Kc3 h6 43. h4 h5 44. Kd3 1-0

[Event "Open Semana Santa 2023"]
[Site "?"]
[Date "2023.04.07"]
[Round "4.108"]
[White "Kolas, Tore"]
[Black "Perez Epinin, Gines"]
[Result "1/2-1/2"]
[WhiteElo "2159"]
[BlackElo "1868"]
[PlyCount "94"]

1. Nf3 Nf6 2. g3 g6 3. d4 Bg7 4. Bg2 O-O 5. O-O d5 6. c4 c5 7. dxc5 dxc4 8. Qa4
Na6 9. c6 bxc6 10. Ne5 Qd6 11. Nxc4 Qb4 12. Qxb4 Nxb4 13. Nba3 Nfd5 14. Bd2 Rb8
15. e4 Nb6 16. Bxb4 Nxc4 17. Bxe7 Nxa3 18. Bxa3 Rd8 19. Rad1 Ba6 20. Rfe1 Rxd1
21. Rxd1 Bxb2 22. Bc5 Bc4 23. a3 a5 24. f4 Bg7 25. e5 Bb5 26. Rd7 Bf8 27. Bxf8
Kxf8 28. e6 fxe6 29. Rxh7 Rd8 30. Rh8+ Ke7 31. Rxd8 Kxd8 32. Kf2 Ke7 33. Ke3 c5
34. Be4 Kf6 35. h4 Bc4 36. g4 Bb5 37. g5+ Kf7 38. Bb7 Ke7 39. Ke4 Kd6 40. Ke3
e5 41. Be4 exf4+ 42. Kxf4 Be8 43. Bb7 Bf7 44. Ke4 Ba2 45. Ba8 Bb1+ 46. Kf4 Ba2
47. Ke4 Bb1+ 1/2-1/2

[Event "Open Semana Santa 2023"]
[Site "?"]
[Date "2023.04.07"]
[Round "4.109"]
[White "Zielonka, Adam"]
[Black "Martino Girones, Gonzalo"]
[Result "1/2-1/2"]
[WhiteElo "2156"]
[BlackElo "1827"]
[PlyCount "48"]

1. e4 c5 2. Nf3 g6 3. c4 Bg7 4. d4 Qa5+ 5. Bd2 Qb6 6. Bc3 cxd4 7. Bxd4 Bxd4 8.
Qxd4 Qxd4 9. Nxd4 Nc6 10. Nb5 Kf8 11. N1c3 Nf6 12. f3 Kg7 13. Kf2 d6 14. Be2
Bd7 15. Rhd1 Rac8 16. Rac1 a6 17. Nd4 Nxd4 18. Rxd4 Be6 19. Nd1 b5 20. b4 Rc7
21. Ne3 Rhc8 22. f4 bxc4 23. f5 Bd7 24. Rcxc4 Bb5 1/2-1/2

[Event "Open Semana Santa 2023"]
[Site "?"]
[Date "2023.04.07"]
[Round "4.111"]
[White "Laverton, Christian"]
[Black "Morales Carmona, Jose Manuel"]
[Result "1-0"]
[WhiteElo "2137"]
[BlackElo "1849"]
[PlyCount "107"]

1. d4 g6 2. Nf3 Nf6 3. c4 Bg7 4. Nc3 d5 5. Bg5 c6 6. e3 O-O 7. Bd3 Nbd7 8. O-O
Re8 9. cxd5 cxd5 10. Rc1 a6 11. h3 Qa5 12. Bf4 b5 13. a4 b4 14. Na2 Qb6 15. Bc7
Qb7 16. Qb3 a5 17. Bb5 Qa7 18. Bh2 Bb7 19. Rc7 Rec8 20. Rxd7 Nxd7 21. Bxd7 Rd8
22. Bb5 Rac8 23. Nc1 e6 24. Nd3 Bf8 25. Nfe5 Ba8 26. Qd1 f6 27. Nf3 Bc6 28.
Bxc6 Rxc6 29. Nd2 Rdc8 30. Nb3 Rc4 31. Ndc5 Bxc5 32. dxc5 Qd7 33. Qd3 Qxa4 34.
Bd6 Qb5 35. Nd4 Qd7 36. Ra1 a4 37. Qd1 b3 38. Qd2 Ra8 39. Nxb3 Qb5 40. Nd4 Qb4
41. Qe2 e5 42. Nc6 Qb5 43. Ne7+ Kg7 44. Qd2 d4 45. Nd5 Qb7 46. Nb6 dxe3 47.
Qxe3 Re4 48. Qc3 Rd8 49. Nxa4 Qc6 50. Qa5 Ra8 51. Qb6 Qd7 52. b3 Rc8 53. Nc3
Qf5 54. Qb7+ 1-0

[Event "Open Semana Santa 2023"]
[Site "?"]
[Date "2023.04.07"]
[Round "4.112"]
[White "Ontanon Gomez, Pablo"]
[Black "Lopez Martinez, Jaime"]
[Result "1-0"]
[WhiteElo "2136"]
[BlackElo "1808"]
[PlyCount "43"]

1. e4 e5 2. Nf3 Nf6 3. Nc3 Nc6 4. Bb5 Bb4 5. O-O O-O 6. d3 d6 7. h3 Qe7 8. Ne2
Nd8 9. Ng3 c6 10. Ba4 d5 11. c3 dxe4 12. dxe4 Bc5 13. Bg5 h6 14. Bh4 b5 15. Bb3
Nb7 16. Nh5 g5 17. Nxg5 Nxh5 18. Qxh5 hxg5 19. Qg6+ Kh8 20. Qh6+ Kg8 21. Bxg5
Qd6 22. Bf6 1-0

[Event "Open Semana Santa 2023"]
[Site "?"]
[Date "2023.04.07"]
[Round "4.113"]
[White "Jimenez Carrazoni, Javier"]
[Black "WFM Rodriguez Redondo, Adhara"]
[Result "0-1"]
[WhiteElo "1848"]
[BlackElo "2126"]
[PlyCount "84"]

1. e4 e5 2. Nf3 Nc6 3. Bb5 a6 4. Ba4 Nf6 5. O-O b5 6. Bb3 Bc5 7. c3 Bb6 8. Re1
O-O 9. d4 d6 10. h3 h6 11. a4 Bb7 12. Bc2 Re8 13. axb5 axb5 14. Rxa8 Qxa8 15.
d5 Ne7 16. Na3 Qa7 17. Be3 Bxe3 18. Rxe3 Qb6 19. c4 b4 20. Nb1 Rb8 21. Nbd2 Nd7
22. Nb3 Nc5 23. Nxc5 Qxc5 24. Bd3 Ra8 25. Re1 Bc8 26. Qc2 Ng6 27. Nd2 Nf4 28.
Nb3 Qb6 29. c5 dxc5 30. Bf1 Ba6 31. Kh2 c4 32. Nc1 Bb5 33. Re3 Qa6 34. g3 Nh5
35. Ne2 Nf6 36. f4 Nd7 37. Qd2 Qd6 38. fxe5 Nxe5 39. Qd4 Ra2 40. Nc1 Ra1 41.
Qd2 c3 42. bxc3 Bxf1 0-1

[Event "Open Semana Santa 2023"]
[Site "?"]
[Date "2023.04.07"]
[Round "4.114"]
[White "Gomez Sanjuan, Hector Fernando"]
[Black "Valiente Uruena, Sergio"]
[Result "1-0"]
[WhiteElo "2124"]
[BlackElo "1790"]
[PlyCount "85"]
[EventDate "2023.??.??"]

1. d4 Nf6 2. c4 c5 3. d5 b5 4. f3 g6 5. e4 d6 6. cxb5 a6 7. Na3 Bg7 8. Ne2 O-O
9. Nc3 Nbd7 10. Be2 Ne8 11. Be3 Nc7 12. Qd2 axb5 13. Naxb5 Nxb5 14. Nxb5 Qa5
15. Qxa5 Rxa5 16. Nc3 Ba6 17. Bxa6 Rxa6 18. Kd2 Rfa8 19. a3 Ne5 20. Kc2 Nc4 21.
Bc1 h5 22. f4 Rb8 23. Rd1 Rab6 24. Ra2 Na5 25. Rd3 c4 26. Rd1 Rb3 27. Be3 Bxc3
28. bxc3 Kf8 29. f5 Kg7 30. a4 f6 31. fxg6 Kxg6 32. Rf1 R3b7 33. Rf3 Nb3 34. a5
Nc5 35. a6 Ra7 36. Bxc5 dxc5 37. Ra5 Rb6 38. Rxc5 Rbxa6 39. Rg3+ Kf7 40. Rxc4
Ra2+ 41. Kd3 Rf2 42. Rc8 e6 43. Rcg8 1-0

[Event "Open Semana Santa 2023"]
[Site "?"]
[Date "2023.04.07"]
[Round "4.115"]
[White "	Stromhaug, Kristoffer Wang"]
[Black "Galstyan, David"]
[Result "0-1"]
[WhiteElo "1842"]
[BlackElo "2119"]
[Annotator "Usuario"]
[PlyCount "118"]

1. e4 e6 2. d4 d5 3. Nd2 c5 4. exd5 Qxd5 5. Ngf3 cxd4 6. Bc4 Qd6 7. O-O Nf6 8.
Nb3 Nc6 9. Nbxd4 Nxd4 10. Nxd4 Be7 11. c3 O-O 12. Qf3 Qc7 13. Bb3 Bd7 14. Bg5
Nd5 15. Bxe7 Nxe7 16. Rfe1 Ng6 17. Bc2 a5 18. Bxg6 hxg6 19. Qg3 Qxg3 20. hxg3
b5 21. b3 Rfc8 22. Re3 Rc5 23. a3 e5 24. Nf3 f6 25. Rd1 Be6 26. b4 Rc6 27. Ne1
axb4 28. cxb4 Rca6 29. Ra1 Bf5 30. f3 g5 31. g4 Bg6 32. Kf2 Ra4 33. Nd3 Rxa3
34. Rxa3 Rxa3 35. Nc5 Ra1 36. Re2 Rb1 37. Na6 Rd1 38. Nc5 Bf7 39. Re3 Rd2+ 40.
Kg1 Rb2 41. Na6 Bc4 42. Re1 Kf7 43. Rd1 Kg6 44. Rd6 Rb1+ 45. Kf2 Kf7 46. Rd7+
Kg6 47. Rd6 $11 Rf1+ 48. Kg3 Rb1 49. Kf2 Rb3 50. Rb6 Rb2+ 51. Kg1 Be2 52. Rc6
e4 53. Rc3 exf3 54. gxf3 Bc4 55. Rc1 f5 56. Rd1 fxg4 57. fxg4 Kf6 58. Rd8 Ke5
59. Rf8 g6 0-1

[Event "Open Semana Santa 2023"]
[Site "?"]
[Date "2023.04.07"]
[Round "4.116"]
[White "Cano Mateos, Pablo"]
[Black "Soler Ollero, Guillermo"]
[Result "1-0"]
[WhiteElo "2112"]
[BlackElo "1770"]
[PlyCount "49"]

1. e4 Nf6 2. Nc3 d5 3. exd5 Nxd5 4. d4 Nxc3 5. bxc3 Bf5 6. Nf3 Nc6 7. Bb5 a6 8.
Bxc6+ bxc6 9. Bf4 e6 10. Rb1 Rb8 11. Ne5 Rxb1 12. Qxb1 Qa8 13. Nc4 Qa7 14. O-O
Be7 15. Ne5 Qa8 16. Qb3 O-O 17. Rb1 c5 18. dxc5 Qe4 19. Nd3 Bxc5 20. Nxc5 Qxf4
21. Nd7 Rd8 22. Qb8 Qg5 23. Qxc7 Bxc2 24. f4 Qe7 25. Rb8 1-0

[Event "Open Semana Santa 2023"]
[Site "?"]
[Date "2023.04.07"]
[Round "4.117"]
[White "Bas Mas, Miguel"]
[Black "Sivanandan, Bodhana"]
[Result "1-0"]
[WhiteElo "2107"]
[BlackElo "1743"]
[PlyCount "181"]

1. e4 c6 2. d4 d5 3. f3 dxe4 4. fxe4 e5 5. Nf3 Bg4 6. Bc4 Nd7 7. O-O Ngf6 8. c3
Bd6 9. Qb3 O-O 10. Bg5 Bxf3 11. gxf3 h6 12. Bh4 g5 13. Bg3 Qc7 14. Na3 exd4 15.
Bxd6 Qxd6 16. Rad1 b5 17. Be2 d3 18. Rxd3 Qf4 19. Qd1 Ne5 20. Rd6 Qe3+ 21. Kh1
Kg7 22. Nc2 Qf4 23. Nd4 Ng8 24. Nf5+ Kh7 25. Qc1 Qxc1 26. Rxc1 Rfd8 27. Rcd1
Rxd6 28. Rxd6 f6 29. Kg2 Rc8 30. Bd1 Rc7 31. Bb3 Rd7 32. Bxg8+ Kxg8 33. Nxh6+
Kg7 34. Nf5+ Kf7 35. Rxd7+ Nxd7 36. Kf2 Nc5 37. Nd4 Nd3+ 38. Ke3 Nxb2 39. Nxc6
a6 40. Kd4 Ke6 41. Nb4 a5 42. Nd5 Nc4 43. Nc7+ Kd7 44. Nxb5 Nd2 45. Ke3 Nc4+
46. Kd3 Ne5+ 47. Ke2 Kc6 48. Nd4+ Kc5 49. Kd2 a4 50. Kc2 Kc4 51. Kd2 Kc5 52. h3
Kc4 53. Kc2 Kc5 54. f4 Nf7 55. Kd3 a3 56. Nb3+ Kd6 57. fxg5 fxg5 58. Kd4 Ne5
59. Nd2 Ke6 60. c4 g4 61. hxg4 Nxg4 62. Nb1 Ne5 63. Nxa3 Nf3+ 64. Kc5 Nd2 65.
Nb5 Nxe4+ 66. Kb6 Nd2 67. c5 Nc4+ 68. Kc7 Kd5 69. c6 Ne5 70. Na7 Kc5 71. Kb7
Nxc6 72. Nxc6 Kb5 73. Nd4+ Kb4 74. Nc2+ Ka4 75. Kc6 Ka5 76. Kc5 Ka4 77. Kc4 Ka5
78. Kb3 Kb5 79. a4+ Ka6 80. Kb4 Kb7 81. Kb5 Kb8 82. Kb6 Kc8 83. a5 Kb8 84. a6
Ka8 85. Nb4 Kb8 86. Nd5 Ka8 87. Nc7+ Kb8 88. a7+ Kc8 89. a8=Q+ Kd7 90. Qe8+ Kd6
91. Qe6# 1-0

[Event "Open Semana Santa 2023"]
[Site "?"]
[Date "2023.04.07"]
[Round "4.118"]
[White "Tudela Gonzalez, Victor"]
[Black "Olivares Romero, Sara"]
[Result "1-0"]
[WhiteElo "2094"]
[BlackElo "1743"]
[PlyCount "61"]

1. d4 f5 2. Nc3 d5 3. Nf3 Nf6 4. Bf4 c6 5. e3 e6 6. Bd3 Be7 7. O-O O-O 8. Ne2
Ne4 9. h3 g5 10. Bh2 Nd7 11. c4 h5 12. Ne5 h4 13. Ng6 Rf7 14. Nxe7+ Qxe7 15. f3
Nef6 16. Nc3 Nf8 17. Qe2 Ng6 18. e4 Nh5 19. Rae1 Ngf4 20. Qd2 Qf6 21. e5 Qg7
22. cxd5 cxd5 23. Nb5 b6 24. Nd6 Nxd3 25. Qxd3 Re7 26. Rc1 Bb7 27. Rc2 a5 28.
Rfc1 Ba6 29. Qe3 Bb7 30. Qb3 Ba6 31. Nxf5 1-0

[Event "Open Semana Santa 2023"]
[Site "?"]
[Date "2023.04.07"]
[Round "4.119"]
[White "Atienza Alvarez, Javier"]
[Black "Bartolome Benito, Alejandro"]
[Result "1-0"]
[WhiteElo "2089"]
[BlackElo "1739"]
[PlyCount "91"]

1. d4 Nf6 2. c4 b6 3. Nf3 Bb7 4. g3 Bxf3 5. exf3 e6 6. Nc3 Bb4 7. Bd3 O-O 8.
O-O Nc6 9. a3 Bxc3 10. bxc3 d5 11. Qe2 Re8 12. f4 Qd7 13. Bb2 Na5 14. Rfe1 Qa4
15. c5 c6 16. cxb6 axb6 17. Reb1 Nc4 18. Bc1 b5 19. Rb4 Qa7 20. Rab1 Reb8 21.
a4 Qd7 22. Qf3 Ra7 23. f5 Rab7 24. Bf4 Ra8 25. Bxc4 dxc4 26. axb5 Qd5 27. Qxd5
Nxd5 28. bxc6 Rxb4 29. Rxb4 Nxb4 30. cxb4 g5 31. fxg6 Rc8 32. gxh7+ Kxh7 33. b5
c3 34. Kf1 e5 35. Bxe5 c2 36. Bf4 Ra8 37. c7 Ra1+ 38. Kg2 c1=Q 39. Bxc1 Rxc1
40. b6 Rc6 41. d5 Rc5 42. d6 Rc6 43. d7 Rxb6 44. d8=Q Re6 45. Qd3+ Rg6 46. c8=R
1-0

[Event "Open Semana Santa 2023"]
[Site "?"]
[Date "2023.04.07"]
[Round "4.120"]
[White "Jimenez Carrazoni, Marta Elena"]
[Black "Segura Santos, Luis"]
[Result "0-1"]
[WhiteElo "1799"]
[BlackElo "2083"]
[PlyCount "74"]

1. d4 Nf6 2. c4 e6 3. Nc3 Bb4 4. Qc2 O-O 5. a3 Bxc3+ 6. Qxc3 b6 7. Bg5 Bb7 8.
f3 c5 9. dxc5 bxc5 10. Bxf6 Qxf6 11. Qxf6 gxf6 12. e4 Nc6 13. O-O-O Rfd8 14.
Bd3 Na5 15. b4 cxb4 16. axb4 Nxc4 17. Bxc4 Rac8 18. Kb2 Rxc4 19. Kb3 Rdc8 20.
Rxd7 Rc3+ 21. Kb2 Rc2+ 22. Kb1 Rc1+ 23. Kb2 R8c2+ 24. Kb3 Ba6 25. b5 Bxb5 26.
Rxa7 Bc4+ 27. Kb4 Rb1+ 28. Kc5 Bf1+ 29. Kd6 Bxg2 30. Nh3 Bxh1 31. Nf4 Bxf3 32.
Ke7 Kg7 33. Ke8 Rb8+ 34. Ke7 e5 35. Nd5 Bxe4 36. Nxf6 Rb7+ 37. Rxb7 Bxb7 0-1

[Event "Open Semana Santa 2023"]
[Site "?"]
[Date "2023.04.07"]
[Round "4.121"]
[White "Robledo Sanchez, Carlos"]
[Black "Aura, Daniel"]
[Result "0-1"]
[WhiteElo "2077"]
[BlackElo "1708"]
[PlyCount "54"]

1. c4 e5 2. Nc3 Nf6 3. Nf3 Nc6 4. e3 d5 5. cxd5 Nxd5 6. Bb5 Nxc3 7. bxc3 Bd6 8.
d4 exd4 9. cxd4 O-O 10. O-O Bg4 11. Rb1 a6 12. Be2 b5 13. Bb2 Qe7 14. Rc1 Nd8
15. d5 f6 16. Qc2 Nf7 17. Bd3 f5 18. Nd4 Qe5 19. f4 Qxe3+ 20. Kh1 Qe7 21. Nxf5
Bxf5 22. Bxf5 Qh4 23. Qc3 Qh6 24. Rf3 Ng5 25. Be6+ Nxe6 26. dxe6 Bxf4 27. Rh3
Bxc1 0-1

[Event "Open Semana Santa 2023"]
[Site "?"]
[Date "2023.04.07"]
[Round "4.122"]
[White "Diez Machin, Vicente"]
[Black "Donate Moreno, Silvia"]
[Result "1/2-1/2"]
[WhiteElo "1761"]
[BlackElo "2077"]
[Annotator "Usuario"]
[PlyCount "79"]

1. e4 c5 2. Nf3 d6 3. d4 cxd4 4. Nxd4 Nf6 5. Nc3 a6 6. Be3 e5 7. Nb3 Be7 8. f3
O-O 9. Qd2 Be6 10. O-O-O Nbd7 11. Qf2 b5 12. g4 Qc7 13. g5 Nh5 14. Nd5 Bxd5 15.
Rxd5 Nf4 16. Bxf4 exf4 17. h4 Ne5 18. Nd4 g6 19. Qd2 Rac8 20. Qxf4 Qa5 21. Kb1
Rc5 22. Qe3 Qc7 23. Be2 Qb7 24. Rd1 Rfc8 25. f4 Nc4 26. Bxc4 Rxc4 27. f5 Re8
28. Qf3 Bf8 29. h5 Qe7 30. hxg6 hxg6 31. fxg6 fxg6 32. b3 Rc5 33. Qf6 Qxf6 34.
gxf6 Rxe4 35. Rxc5 dxc5 36. Nc6 Re6 37. Ne7+ Kf7 38. Nd5 c4 39. bxc4 bxc4 40.
Kb2 $11 1/2-1/2

[Event "Open Semana Santa 2023"]
[Site "?"]
[Date "2023.04.07"]
[Round "4.123"]
[White "Exposito Milan, Adrian"]
[Black "Gallardo Munoz, Adrian"]
[Result "1-0"]
[WhiteElo "2053"]
[BlackElo "1703"]
[PlyCount "67"]

1. d4 d5 2. Nf3 c6 3. c4 Nf6 4. e3 Bf5 5. Nc3 e6 6. Nh4 Bg4 7. Qb3 Qb6 8. f3
Bh5 9. g4 g5 10. Qxb6 axb6 11. Ng2 Bg6 12. h4 gxh4 13. Nxh4 Bc2 14. Kd2 Bb3 15.
cxd5 exd5 16. Bd3 b5 17. Bc2 Bxc2 18. Kxc2 Na6 19. Bd2 Nd7 20. a3 Nb6 21. Nf5
Nc4 22. Ne2 Nxd2 23. Kxd2 b4 24. axb4 Bxb4+ 25. Nc3 Kd7 26. Rh6 Nc7 27. Rah1
Ne6 28. f4 Nf8 29. Rf6 Ke8 30. Nh6 Be7 31. Rxf7 Ne6 32. Rh5 Ra7 33. Re5 Kd7 34.
f5 1-0